Estudio histórico del periodismo guatemalteco : período colonial y siglo XIX /

Tallennettuna:
Bibliografiset tiedot
Päätekijä: Barrios y Barrios, Catalina (autor)
Aineistotyyppi: Kirja
Kieli:espanja
Julkaistu: Guatemala, Guatemala : Universidad de San Carlos de Guatemala, 2003, c2003
Sarja:(Monografías Universidad de San Carlos de Guatemala)
Aiheet:
Tagit: Lisää tagi
Ei tageja, Lisää ensimmäinen tagi!

MARC

LEADER 00000nam^a2200000^a^4500
001 000160858
005 20250521000000.0
009 20260310100737.915
020 |a 99922-59-97-3 
037 |a Acervo ITESO - Biblioteca 
041 |a ESP 
082 |a 302. 231097281  |b BAR 
100 |a Barrios y Barrios, Catalina  |e (autor) 
245 1 0 |a Estudio histórico del periodismo guatemalteco :  |b período colonial y siglo XIX /  |c C. Barrios y Barrios ; semblanza de Rigoberto Bran Azmitia. 
246 2 |a Título en la cubierta: Estudio histórico del periodismo guatemalteco: época colonial y siglo XIX 
264 4 |a Guatemala, Guatemala :  |b Universidad de San Carlos de Guatemala,  |c 2003, c2003 
300 |a 462 p. 
336 |a texto  |b txt  |2 rdacontenido 
337 |a sin mediación  |b n  |2 rdamedio 
338 |a volumen  |b nc  |2 rdasoporte 
440 1 |a (Monografías Universidad de San Carlos de Guatemala) 
649 |a XX 
650 |a Periodismo -  |z Guatemala -  |x Historia 
650 |a Imprenta -  |z Guatemala -  |x Historia 
650 |a Medios Impresos -  |z Guatemala -  |x Historia 
650 |a Publicaciones Periódicas Guatemaltecas -  |x Historia 
650 |a Medios de Comunicación -  |z Guatemala -  |x Historia 
650 |a Guatemala -  |x Historia -  |y Epoca Colonial 
650 |a Guatemala -  |x Historia -  |y Siglo XIX 
910 |a Fondo General 
920 |a Impresos - Libros 
930 |a Colección General 
905 |a 101 
901 |a 0500092178  |b IT1  |c ACC  |u 20250521 
902 |a https://opac.biblio.iteso.mx/vufind/Record/000160858